000 01484nam a22003137a 4500
999 _c23511
_d23511
003 AR-CdUCM
008 260128b2023 pe ||||| |||| 00| 0 spa d
040 _aMUNICIPALIDAD PROVINCIAL DEL CUSCO
_cBIBLIOTECA MUNICIPAL DEL CUSCO
041 _hspa
082 _a333.72 /
_bG55 / e2
110 _aGobierno Regional Cusco /
_922459
245 _aEstrategia de Vigilancia y Control del ACR Choquequirao /
260 _aCusco :
_bGobierno Regional Cusco,
_c2023.
300 _a94 páginas. :
_bilustraciones - tablas - mapas
_c21 x 30 cm.
505 _aContenido: Objetivos -- Las Bases de la Vigilancia y Control en las Áreas de Conservación Regional -- Estrategias -- Diagnóstico -- Importancia y elementos -- Ecosistemas -- Especies -- Análisis de amenazas a especies -- Resumen -- Sectores -- Base conceptual de la sectorización -- Implementación de acciones -- Conceptos -- Herramientas -- Trabajo articulado con otros actores competentes -- Planificación para patrullaje rutinarios y especiales....
650 _aObjetivos específicos
_99065
650 _aMonitoreo
_951322
650 _aResponsabilidades
_920779
650 _aBosques
_952120
650 _aAgricultura
_9320
650 _aHidrocarburos
_93283
650 _aTransporte
_99473
650 _aGlaciares
_927105
650 _aAcciones propuestas
_952295
650 _aLagunas altoandinas
_952296
650 _aNecesidades de vigilancia
_952297
942 _cLIBROS
_2ddc
945 _ajmcs
_d28/01/2026